| 000 | 01074nam0a2200325 4500 | ||
|---|---|---|---|
| 001 | RU\NLR\bibl\588799 | ||
| 005 | 20250610140950.0 | ||
| 010 |
_a5-268-00575-8 _92000 |
||
| 021 |
_aRU _b2004-68501 _93377 |
||
| 035 | _a(NLR Aleph) 000580773 | ||
| 090 |
_a1651276 _c1651276 |
||
| 100 | _a20041223d2004 |||y0rusy50 ca | ||
| 101 | 0 | _arus | |
| 102 | _aRU | ||
| 105 | _aa ||||||||| | ||
| 200 | 1 |
_aКолокол-Благовест _eРазмышления в монастыр. саду _fВладислав Горохов |
|
| 205 | _a[2-е изд., доп.] | ||
| 210 |
_aМ. _cРус. кн. _d2004 |
||
| 215 |
_a143 с. _cил. _d17 |
||
| 300 | _aНа обл. авт. не указан | ||
| 320 | _aБиблиогр.: с. 142 | ||
| 606 | 0 |
_aКолокола _yРоссия _91364294 _3RU\NLR\auth\66571056 |
|
| 686 | _aЭ372.24-506 | ||
| 700 | 1 |
_aГорохов _bВ. А. _gВладислав Андреевич _4070 |
|
| 801 | 0 |
_aRU _bNLR _c20041223 _gPSBO |
|
| 801 | 1 |
_aRU _bNLR _c20041223 |
|
| 942 | _cBOOK | ||
| 980 | _aNB | ||